Hồi quy tuyến tính trên tập mờ
Luận văn được trình bày thành ba chương: Chương 1 Một số vấn đề cơ bản về tập mờ. Chương 2 Số học mờ. Chương 3 Hồi quy tuyến tính trên tập mờ
Na minha lista:
| Autor principal: | |
|---|---|
| Formato: | Livro |
| Idioma: | Undetermined |
| Publicado em: |
Cần Thơ
Đại học Cần Thơ
2003
|
| Assuntos: | |
| Tags: |
Adicionar Tag
Sem tags, seja o primeiro a adicionar uma tag!
|
| Thư viện lưu trữ: | Trung tâm Học liệu Trường Đại học Cần Thơ |
|---|
| LEADER | 00896nam a2200217Ia 4500 | ||
|---|---|---|---|
| 001 | CTU_83356 | ||
| 008 | 210402s9999 xx 000 0 und d | ||
| 082 | |a 519.536 | ||
| 082 | |b T103 | ||
| 088 | |a 604615 | ||
| 100 | |a Võ, Văn Tài | ||
| 245 | 0 | |a Hồi quy tuyến tính trên tập mờ | |
| 245 | 0 | |c Võ Văn Tài ; Tô Anh Dũng (hướng dẫn khoa học) | |
| 260 | |a Cần Thơ | ||
| 260 | |b Đại học Cần Thơ | ||
| 260 | |c 2003 | ||
| 520 | |a Luận văn được trình bày thành ba chương: Chương 1 Một số vấn đề cơ bản về tập mờ. Chương 2 Số học mờ. Chương 3 Hồi quy tuyến tính trên tập mờ | ||
| 650 | |a Statistical mathematics | ||
| 650 | |x Regression analysis | ||
| 904 | |i Tuyến, QHieu | ||
| 980 | |a Trung tâm Học liệu Trường Đại học Cần Thơ | ||